000 01359cam a22003254a 4500
005 20260322212052.0
008 data
010 _a 2004027862
020 _a0936077212 (alk. paper)
020 _a9780936077215 (alk. paper)
040 _aDLC
_cDLC
_dDLC
042 _apcc
050 0 0 _aRC552.E18
_bK64 2005
082 0 0 _a616.85/2605
_222
092 _a616.85 K64 2005
100 1 _aKoenig, Karen R.,
_d1947-
245 1 4 _aThe rules of "normal" eating :
_ba commonsense approach for dieters, overeaters, undereaters, emotional eaters, and everyone in between! /
_cKaren R. Koenig.
250 _a1st ed.
260 _aCarlsbad, CA :
_bGurze Books,
_cc2005.
300 _a235 p. ;
_c18 cm.
650 0 _aEating disorders
_xPrevention.
650 0 _aObesity
_xPrevention.
650 0 _aFood
_xPsychological aspects.
650 0 _aFood habits
_xPsychological aspects.
856 4 1 _3Table of contents
_uhttp://www.loc.gov/catdir/toc/ecip054/2004027862.html
906 _a7
_bcbc
_corignew
_d1
_eecip
_f20
_gy-gencatlg
925 0 _aacquire
_b2 shelf copies
_xpolicy default
955 _djc18 2004-11-23
_ejc03 2004-11-23 to Dewey
_fjc41 2005-03-23
_gjc17 2005-03-23 to BCCD
001 data
999 _c1238
_d1238